Literature : an introduction to fiction, poetry, drama, and writing / (Record no. 124)

000 -LEADER
fixed length control field 01178cam a2200313 a 4500
001 - CONTROL NUMBER
control field 15803841
003 - CONTROL NUMBER IDENTIFIER
control field OSt
005 - DATE AND TIME OF LATEST TRANSACTION
control field 20140116120819.0
008 - FIXED-LENGTH DATA ELEMENTS--GENERAL INFORMATION
fixed length control field 090706s2010 maua b 001 0 eng
010 ## - LIBRARY OF CONGRESS CONTROL NUMBER
LC control number 2009027010
020 ## - INTERNATIONAL STANDARD BOOK NUMBER
International Standard Book Number 9780205698783
020 ## - INTERNATIONAL STANDARD BOOK NUMBER
International Standard Book Number 0205698786
020 ## - INTERNATIONAL STANDARD BOOK NUMBER
International Standard Book Number 9780205686094 (ineractive edition)
020 ## - INTERNATIONAL STANDARD BOOK NUMBER
International Standard Book Number 0205686095 (ineractive edition)
035 ## - SYSTEM CONTROL NUMBER
System control number (OCoLC)ocn308171851
040 ## - CATALOGING SOURCE
Original cataloging agency DLC
Transcribing agency DLC
Modifying agency YDX
-- BTCTA
-- YDXCP
-- DLC
050 00 - LIBRARY OF CONGRESS CALL NUMBER
Classification number PN6014.L58 2010
245 00 - TITLE STATEMENT
Title Literature : an introduction to fiction, poetry, drama, and writing /
Statement of responsibility, etc [compiled by] X. J. Kennedy, Dana Gioia.
250 ## - EDITION STATEMENT
Edition statement 6th ed.
Remainder of edition statement compact interactive edition
260 ## - PUBLICATION, DISTRIBUTION, ETC. (IMPRINT)
Place of publication, distribution, etc Boston :
Name of publisher, distributor, etc Longman,
Date of publication, distribution, etc 2010.
300 ## - PHYSICAL DESCRIPTION
Extent liii, 1569 p. :
Other physical details ill. ;
Dimensions 24 cm.
504 ## - BIBLIOGRAPHY, ETC. NOTE
Bibliography, etc Includes bibliographical references and indexes.
650 #0 - SUBJECT ADDED ENTRY--TOPICAL TERM
Topical term or geographic name as entry element Literature
Form subdivision Collections.
700 1# - ADDED ENTRY--PERSONAL NAME
Personal name Kennedy, X. J.
700 1# - ADDED ENTRY--PERSONAL NAME
Personal name Gioia, Dana.
906 ## - LOCAL DATA ELEMENT F, LDF (RLIN)
a 7
b cbc
c orignew
d 1
e ecip
f 20
g y-gencatlg
942 ## - ADDED ENTRY ELEMENTS (KOHA)
Source of classification or shelving scheme
Koha item type Book
Holdings
Withdrawn status Lost status Source of classification or shelving scheme Damaged status Not for loan Home library Current library Date acquired Source of acquisition Total Checkouts Full call number Barcode Date last seen Date checked out Copy number Price effective from Koha item type Checked out
          Riara University Library Riara University Library 08/10/2011 Purchase 3 PN6014.L58 2010 2868/11 27/03/2017 27/02/2017 C.1 08/10/2011 Book  
          Riara University Library Riara University Library 08/10/2011 Purchase 4 PN6014.L58 2010 2867/11 02/10/2023 18/09/2023 C.2 08/10/2011 Book  
          Riara University Library Riara University Library 08/10/2011 Purchase 3 PN6014.L58 2010 2869/11 03/10/2023 03/10/2023 C.3 08/10/2011 Book 19/10/2023

Riara University Library,
P.O. Box 49940-00100,
Nairobi, Kenya.